000 nam a22 7a 4500
999 _c18057
_d18057
008 161202b xxu||||| |||| 00| 0 eng d
020 _a9780201466973
050 _aQC 23 .H56 1997
100 _aHewitt, Paul G.
_d1997
245 _aConceptual physics/
_cpaul G. Hewitt
250 _a3rd ed
260 _aMenlo park, California:
_bAddison-Wesley,
_c1997.
300 _axi,692p.:
_bill.;
_c25cm.
521 _aIncludes index.
650 _aPhysics -- Study and teaching (Secondary)
942 _2lcc
_cBOOKS
_hQC 23 .H56 1997